The Global possible : resources, development, and the new century /

Bibliographic Details
Corporate Authors: World Resources Institute, Global Possible Conference
Other Authors: Repetto, Robert C.
Format: Conference Proceeding Book
Language:English
Published: New Haven : Yale University Press, [1985]
Series:World Resources Institute book.
Subjects:

MARC

Tag First Indicator Second Indicator Subfields
LEADER 00000cam a2200000 a 4500
001 in00000010526
005 20151007051403.0
008 850401s1985 ctua b 10100 eng
010 |a  85008209  
020 |a 0300033826 (alk. paper) 
020 |a 0300035349 (pbk.) 
035 |a (OCoLC)11971021 
035 |9 AAA2738AM 
040 |a DLC  |c DLC  |d m/c  |d TXA  |d UtOrBLW 
049 |a TXAM  |c 1 [A11030609], 2 [A11706276] 
050 0 0 |a HD75.6  |b .G55 1985 
082 0 |a 363.7  |2 19 
245 0 4 |a The Global possible :  |b resources, development, and the new century /  |c edited by Robert Repetto. 
264 1 |a New Haven :  |b Yale University Press,  |c [1985] 
264 4 |c ©1985 
300 |a xv, 538 pages :  |b illustrations ;  |c 24 cm. 
336 |a text  |b txt  |2 rdacontent 
337 |a unmediated  |b n  |2 rdamedia 
338 |a volume  |b nc  |2 rdacarrier 
490 1 |a A World Resources Institute book 
500 |a Consists chiefly of the revised papers from the Global Possible Conference held at Wye Plantation in Maryland, May 2-5, 1984. 
504 |a Includes bibliographies and index. 
541 0 |a Donated by Dr. H.O. Kunkel, Texas A&M University, June, 1998. 
650 0 |a Economic development  |x Environmental aspects  |v Congresses. 
700 1 |a Repetto, Robert C. 
710 2 |a World Resources Institute. 
711 2 |a Global Possible Conference  |d (1984 :  |c Wye Plantation) 
830 0 |a World Resources Institute book. 
999 |a MARS 
999 f f |s 53d12285-c044-355f-b0f4-3da444e6ce9d  |i eb1d48c3-0c9c-3919-9577-4232bbf38db4  |t 0 
952 f f |p ric  |a Texas A&M University  |b Rellis Campus  |c Joint Library Facility  |s JLF  |d Remote Storage  |t 0  |e HD75.6 .G55 1985  |h Library of Congress classification  |i unmediated -- volume  |m A14822274371 
998 f f |a HD75.6 .G55 1985  |t 0  |l Remote Storage